Score 0/8 Timer 01:00
0 Plays Today
Clue Answer % Correct
Flexible, like a drinking strawBENDY
88.9%
Not-very-nice nickname for the follicularly-challengedBALDY
77.9%
To toss back and forth, like an ideaBANDY
66.8%
First name of late UK comedian Hill or last name of late US comedian JackBENNY
65.4%
One-time pinball machine manufacturer that now runs casinos and health clubsBALLY
48.8%
Musician, with one-letter last name, obsessed with saxKENNY (G)
40.3%
You can always count on finding a button hereBELLY
37.8%
Musician, with one-letter first name, obsessed with sex(R) KELLY
21.1%

Today's Daily Dose

Missing Word
Boxers

Quick Pick
Rise or Fall?

Get the Picture
A ‘B’ in Disney

You're not logged in!

Compare scores with friends on all Sporcle quizzes.
OR
Log In

Sporcle TV

Today on Sporcle TV


Watch our educational content, quiz creation guides, and fun videos on Sporcle TV.

Show Comments

Extras

Top Quizzes Today


Score Distribution

Paid Content

Your Account Isn't Verified!

In order to create a playlist on Sporcle, you need to verify the email address you used during registration. Go to your Sporcle Settings to finish the process.

Report this User

Report this user for behavior that violates our Community Guidelines.

Details: